Germanic-Speaking Countries - Statistics

General Stats
  • This quiz has been taken 20 times
  • The average score is 21 of 23
Answer Stats
Germanic Language(s) Answer % Correct
German Austria
100%
Dutch, German Belgium
100%
German, Saxon, Danish, Frisian Germany
100%
Luxembourgish, German Luxembourg
100%
Dutch, Frisian, Limburgish, Saxon Netherlands
100%
German Switzerland
100%
English, Scots, Ulster Scots United Kingdom
100%
Alsatian France
94%
Icelandic Iceland
94%
English, Ulster Scots Ireland
94%
German Liechtenstein
94%
Norwegian Norway
94%
English, Afrikaans South Africa
94%
Dutch Suriname
94%
Swedish Sweden
94%
Engish Australia
89%
English Canada
89%
Danish, Faroese, German Denmark
89%
Swedish Finland
89%
Yiddish Israel
89%
English, German, Yiddish, Dutch United States
89%
English, Dutch New Zealand
83%
German Italy
67%
No matching quizzes found
Score Distribution
Percent of People with Each Score
Percentile by Number Answered
Your Score History
You have not taken this quiz